| 000 | 00658nam a22002297a 4500 | ||
|---|---|---|---|
| 003 | DO-SdBNP | ||
| 005 | 20180214135426.0 | ||
| 008 | 161031b 1990 sp a 00| 0 spa d | ||
| 020 | _a8424153340 | ||
| 040 |
_aBPMSU _bspa _cBPMSU |
||
| 082 |
_axxxx _bC236do |
||
| 100 | 1 | _aCapdevila, F. | |
| 245 | 1 | 0 |
_aDonald... y las comunicaciones / _cF. Capdevila |
| 260 |
_aMadrid, EspaƱa : _bThe Walt Disney Company, _bEverest, _c1990. |
||
| 300 |
_a48 p. : _bil. ; _c29 cm. |
||
| 490 |
_aWalt Disney _v5 |
||
| 500 | _aLibro de pasta dura. | ||
| 830 | 0 |
_aWalt Disney _n5 |
|
| 942 |
_2ddc _cBK |
||
| 945 | _aInventariado, 2018/ YL | ||
| 956 |
_aYLOCKWARD _b10 _cBPMSU |
||
| 999 |
_c12680 _d12680 |
||